00809nam a2200205 a 4500008004100000020001500041050001400056100001700070245006900087260003000156300002100186350000900207650005800216650003800274650001600312700001900328995010900347999001700456952013000473101105s2005 ||||||||||||||||| || u a8129707632 aGE 70 Jos aNagendran, R10aEssentials of environmental studiescKurian Joseph, R. Nagendran aNew Delhi:bPearsonc2005 axii, 503p.: ill. a0.00 aCONSERVATION OF NATURAL RESOURCES--STUDY AND TEACHING aHUMAN ECOLOGY--STUDY AND TEACHING aENVIRONMENT aJoseph, Kurian D0.00FCBU-MAIN LIBRARY (Kitwe)H1I0.00M1UAVAILABLEWDec 15, 2010ZMain Library Open Access Collection c42433d42433 00102lcc4070a001b001cMain Library Open Access Collectiond2022-11-30l0oGE 70 Josp742171r2022-11-30w2022-11-30y002